000 00690 a2200205 4500
020 _a0750662719
040 _aDLC
_bDLC
082 0 4 _a621.382
100 1 _aWright, Edwin,
245 1 0 _aPractical telecommunications and wireless communications for business and industry
_cEdwin Wright, Deon Reynders.
246 3 _aTelecommunications and wireless communications
260 _aAmsterdam ;
_aBoston :
_bNewnes,
_cc2004.
300 _ax, 309 p. :
_bill. ;
_c27 cm.
440 0 _aPractical professional books from Elsevier
500 _aIncludes index.
650 0 _aTelecommunication systems.
650 0 _aComputer networks.
700 1 _aReynders, Deon.
942 _cBK
_k621.382 WRI
_2ddc
999 _c8387
_d8387